Action Movie Stars 2 - Statistics

General Stats
  • This quiz has been taken 549 times
  • The average score is 9 of 16
Answer Stats
Hint Answer % Correct
Ironman robert downey jr.
95%
Wolverine hughe jackman
91%
Thor chris hemsworth
79%
Con-Air nicholas cage
79%
Point Break keanu reeves
64%
24 kiefer sutherland
64%
The Incredible Hulk edward norton
62%
Terminator: Salvation christian bale
55%
U.S. Marshals tommy lee jones
55%
Passenger 57 wesley snipes
49%
The Hurt Locker jeremy renner
42%
Safe House ryan reynolds
39%
From Paris With Love john travolta
38%
The Outlaw Josey Wales clint eastwood
36%
Clash of the Titans sam worthington
34%
Hitman timothy olyphant
33%
No matching quizzes found
Score Distribution
Percent of People with Each Score
Percentile by Number Answered
Your Score History
You have not taken this quiz